000 00531nam a2200205Ia 4500
005 20250508170020.0
008 008 250505s9999 xx 000 0 hin d
020 _a978-81-7138-325-2
037 _aTextual
040 _aFEDL
_beng
_cFEDL
041 _ahin
_2eng
084 _a070, JOS
_qFEDL
100 _aJoshi Ramsharan
245 0 _aMedia vimarsh
260 _aNew Delhi, India
_bSamayik Prakashan
_c2008
300 _a192p.
365 _aINR
_b200
942 _cTEXL
_h070, JOS
999 _c1398694
_d1398694